Tonja, (Record no. 6871)

MARC details
000 -LEADER
fixed length control field 00743cam a22002051 4500
001 - CONTROL NUMBER
control field af 49001178
003 - CONTROL NUMBER IDENTIFIER
control field DLC
005 - DATE AND TIME OF LATEST TRANSACTION
control field 20260227110918.0
008 - FIXED-LENGTH DATA ELEMENTS--GENERAL INFORMATION
fixed length control field 900328s1945 be 000 0 dut c
010 ## - LIBRARY OF CONGRESS CONTROL NUMBER
LC control number af 49001178
035 ## - SYSTEM CONTROL NUMBER
System control number (OCoLC)21279748
040 ## - CATALOGING SOURCE
Original cataloging agency New York. Public. Libr.
Transcribing agency CU
Modifying agency DLC
042 ## - AUTHENTICATION CODE
Authentication code premarc
050 00 - LIBRARY OF CONGRESS CALL NUMBER
Classification number D811.5
Item number .T62
245 00 - TITLE STATEMENT
Title Tonja,
Remainder of title verhalen en novellen van weggevoerde jonge arbeiders.
260 ## - PUBLICATION, DISTRIBUTION, ETC.
Place of publication, distribution, etc. Brussel,
Name of publisher, distributor, etc. Kajotters-Uitgaven,
Date of publication, distribution, etc. 1945.
300 ## - PHYSICAL DESCRIPTION
Extent 164 p.
Dimensions 21 cm.
505 0# - FORMATTED CONTENTS NOTE
Formatted contents note Tonja.--Wij, jonge weggevoerden ...--Ziekenapostolaat "Verboten Zutritt."--Van een voetbalclub en een "Blauwe Divisie."--Een gevangene van stiel.--In de hel.
650 #0 - SUBJECT ADDED ENTRY--TOPICAL TERM
Topical term or geographic name entry element World War, 1939-1945
General subdivision Personal narratives, Belgian.

No items available.

Powered by Koha